Language Quiz

Random Language or Spanish Quiz

Common Conversation terms in spanish Quiz Stats

Quiz not verified by Sporcle

Also try: Italian: Numbers
Challenge
Share
Tweet
Score 0/17 Timer 10:00
0 Plays Today
% Correct
Yo odio
94.7%
Quizás
57.9%
porque
52.6%
a que
47.4%
Yo pienso
47.4%
Yo quiero
47.4%
Sabes como
31.6%
Yo sé
31.6%
Lo no sé
21.1%
% Correct
pero
21.1%
El mejor
10.5%
pasable
10.5%
Todo el tiempo
5.3%
Cada día
5.3%
Lo peor
5.3%
Yo veo
0%
Ayer
0%

You're not logged in!

Compare scores with friends on all Sporcle quizzes.
Join for Free
OR
Log In

You Might Also Like...

Show Comments

Extras

Top Quizzes Today


Score Distribution

Your Account Isn't Verified!

In order to create a playlist on Sporcle, you need to verify the email address you used during registration. Go to your Sporcle Settings to finish the process.

Report this User

Report this user for behavior that violates our Community Guidelines.

Details: